01272nam a22003377a 4500003000900000005001700009008004100026020001500067020001800082040004300100082002400143100003500167245011800202246001500320264003000335264001000365300004600375336002600421337002800447338002700475500002400502650005300526650006200579651001000641653002400651655002400675700003700699942002800736999001700764952015300781EG-ScBUE20220530112027.0140417t2007 enka f d 000 0 eng d a1413021859 a9781413021851 aEG-ScBUEbengerdacEG-ScBUEdEG-ScBUE04222bMASa428.2024651 935936aMascull, Bill,eauthor.10aBest practice intermediate :bbusiness English in global context,pCoursebook /cBill Mascull and Jeremy Comfort.30aCoursebook 1aLondon :bHeinle,c[2007] 4cc2007 a174 pages :bcolor illustrations ;c30 cm 2rdacontentatextbtxt 2rdamediaaunmediatedbn 2rdacarrieravolumebnc aIncludes glossary.  7aEnglish languagexBusiness English.937362BUEsh 7aBusiness writing923272vProblems, exercises, etc.2BUEsh 2BUEsh cApril2014bHHUUEENN vReading book9342321 935937aComfort, Jeremy,eauthor. 2ddck428.202465 MAScBB c18236d18208 00102ddc40708ILBaMAINbMAINc2NDd2014-04-17epurchaseg240.00h4033l0o428.202465 MASp000035907r2025-07-15 00:00:00v300.00w2014-04-17yBB